Physiology of behavior

Physiology of behavior provides a scholarly yet accessible portrait of the dynamic interaction between biology and behavior. Lead author Neil Carlson and new co-author Melissa Birkett drew upon their experience teaching and working with students to create the new edition of this comprehensive and ac...

ver descrição completa

Na minha lista:
Detalhes bibliográficos
Autor principal: Carlson, Neil R.
Formato: Livro
Idioma:Undetermined
Publicado em: Boston Pearson 2017
Assuntos:
Tags: Adicionar Tag
Sem tags, seja o primeiro a adicionar uma tag!
Thư viện lưu trữ: Trung tâm Học liệu Trường Đại học Cần Thơ
LEADER 00888nam a2200205Ia 4500
001 CTU_231182
008 210402s9999 xx 000 0 und d
020 |c 794000 
082 |a 612.8 
082 |b C284 
100 |a Carlson, Neil R. 
245 0 |a Physiology of behavior 
245 0 |c Neil R. Carlson, Melissa A. Birkett 
260 |a Boston 
260 |b Pearson 
260 |c 2017 
520 |a Physiology of behavior provides a scholarly yet accessible portrait of the dynamic interaction between biology and behavior. Lead author Neil Carlson and new co-author Melissa Birkett drew upon their experience teaching and working with students to create the new edition of this comprehensive and accessible guide for students of behavioral neuroscience. 
650 |a Tâm sinh lý,Psychophysiology 
910 |b vtbtruc 
980 |a Trung tâm Học liệu Trường Đại học Cần Thơ